Normal view
MARC view
- حرز الله، محمود ، م. مشارك مها ابو ياسين
Entry Personal Name
001 - CONTROL NUMBER
- control field: 47042
003 - CONTROL NUMBER IDENTIFIER
- control field: JO-AjAnu
005 - DATE AND TIME OF LATEST TRANSACTION
- control field: 20230606081753.0
008 - FIXED-LENGTH DATA ELEMENTS
- fixed length control field: 230606|| aca||aabn | a|a d
040 ## - CATALOGING SOURCE
- Original cataloging agency: JO-AjAnu
- Transcribing agency: JO-AjAnu
100 ## - HEADING--PERSONAL NAME
- Personal name: حرز الله، محمود ، م. مشارك مها ابو ياسين
670 ## - SOURCE DATA FOUND
- Source citation: Work cat.: (JO-AjAnu)24076: حرز الله، محمود ، م. مشارك مها ابو ياسين , author, علم الامراض والطب الشرعي